书目信息 |
| 题名: |
冷冻干燥
|
|
| 作者: | 黑斯利 , 厄特延 主编 ;谢虹 翻译 | |
| 分册: | ||
| 出版信息: | 北京 化学工业出版社 2017.5 |
|
| 页数: | 284页 | |
| 开本: | 28cm | |
| 丛书名: | ||
| 单 册: | ||
| 中图分类: | TQ028.6 | |
| 科图分类: | ||
| 主题词: | 冰冻干燥 | |
| 电子资源: | ||
| ISBN: | 978-7-122-29326-8 | |
| 000 | 00985nam0 2200265 450 | |
| 001 | 0400004877 | |
| 005 | 20171025113344.0 | |
| 010 | @a978-7-122-29326-8@b精装@dCNY149.00 | |
| 100 | @a20170524d2017 em y0chiy50 ea | |
| 101 | 1 | @achi@cger |
| 102 | @aCN@b110000 | |
| 105 | @aa z 000yy | |
| 106 | @ar | |
| 200 | 1 | @a冷冻干燥@9leng dong gan zao@dFreeze-drying@zeng@f(德)P. 黑斯利,(德)G-W. 厄特延主编 |
| 210 | @a北京@c化学工业出版社@d2017.5 | |
| 215 | @a284页@c图@d28cm | |
| 314 | @a翻译:谢虹 | |
| 330 | @a本书详细介绍了冷冻干燥技术,不仅从理论上介绍了冷冻干燥的全过程,而且还用大量实例详细解释冷冻干燥的每一阶段。作者根据多年的实践经验,提供了选择实验室、试验和生产设备时一些有用的标准,讨论了不同设备设计的优点、缺点和局限性。 | |
| 606 | 0 | @a冰冻干燥 |
| 690 | @aTQ028.6@v5 | |
| 701 | 0 | @c(德)@a黑斯利@9hei si li@4主编 |
| 701 | 0 | @c(德)@a厄特延@9e te yan@4主编 |
| 702 | 0 | @a谢虹@9xie hong@4翻译 |
| 801 | 0 | @aCN@b91MARC@c20171025 |
| 905 | @b1039730-3@dTQ028.6@f4@e457 | |
| 冷冻干燥=Freeze-drying/(德)P. 黑斯利,(德)G-W. 厄特延主编.-北京:化学工业出版社,2017.5 |
| 284页:图;28cm |
| ISBN 978-7-122-29326-8(精装):CNY149.00 |
| 本书详细介绍了冷冻干燥技术,不仅从理论上介绍了冷冻干燥的全过程,而且还用大量实例详细解释冷冻干燥的每一阶段。作者根据多年的实践经验,提供了选择实验室、试验和生产设备时一些有用的标准,讨论了不同设备设计的优点、缺点和局限性。 |
| ● |
| 相关链接 |
|
|
|
|
正题名:冷冻干燥
索取号:TQ028.6/457
 
预约/预借
| 序号 | 登录号 | 条形码 | 馆藏地/架位号 | 状态 | 备注 |
| 1 | 1039730 | 210397300 | 第二样本阅览室/ [索取号:TQ028.6/457] | 在馆 | |
| 2 | 1039731 | 210397319 | 密集书库-化学系/ [索取号:TQ028.6/457] | 在馆 | |
| 3 | 1039732 | 210397328 | 第三借阅区/ [索取号:TQ028.6/457] | 在馆 | |
| 4 | 1039733 | 210397337 | 第三借阅区/ [索取号:TQ028.6/457] | 在馆 |